| 000 | 00786cam a2200253 u 4500 | ||
|---|---|---|---|
| 003 | UPN | ||
| 005 | 20230210064106.0 | ||
| 008 | 191021s2008 mx fr 000 e spa d | ||
| 020 | _a9789703251469 | ||
| 035 | _aUPN01000233587 | ||
| 040 |
_aMX-MxUPN _bspa _cMX-MxUPN |
||
| 050 | 4 |
_aCB358 _bA44 2008 |
|
| 245 | 0 | 3 | _aLa americanización de la modernidad |
| 250 | _aPrimera edición | ||
| 260 |
_aMéxico, D.F. : _bUNAM, Centro de Investigaciones sobre América del Norte : _bEra , _c2008. |
||
| 300 | _a307 páginas | ||
| 650 | 0 |
_946256 _aCivilización _xInfluencias estadounidenses |
|
| 650 | 2 |
_9514 _aModernidad |
|
| 700 | 1 |
_aEcheverría, Bolívar _ecompilador _938252 |
|
| 905 | _aLibro | ||
| 942 |
_cLIBRO _2lcc |
||
| 999 |
_c205682 _d205682 |
||